NCAA Men's Basketball Summit League Teams - Statistics

General Stats
  • This quiz has been taken 55 times
  • The average score is 5 of 9
Answer Stats
Answer % Correct
South Dakota
91%
North Dakota State
87%
South Dakota State
79%
Western Illinois
53%
IPFW
47%
IUPUI
47%
Nebraska Omaha
40%
Oakland
38%
UMKC
26%
No matching quizzes found
Score Distribution
Percent of People with Each Score
Percentile by Number Answered
Your Score History
You have not taken this quiz